00623nam a2200217 a 4500001001300000003000900013005001700022008004100039020001000080082001700090100002700107245001400134260003700148300000800185500003500193700002700228902000800255942000700263952011800270999001700388nice12345678IN_TiNIC20260116013413.0080218s1986 hyda grp 000 0 ara  ac10000a340.59bSHE1 aSheebani, Abu Abdullah aAl-Amaali aHyderabadbDairatul Maarifc1986 a80p aincludes index and biblioraphy1 aSheebani, Abu Abdullah bSRS cBK 001040708StackRoom-aHMIbHMId2008-06-26g100.00l0o340.59 SHE1p018868r2008-06-26v100.00w2008-02-18yBK c10866d10866